[Event "ROU-chT Men Superliga 2018"]
[Site "Sovata"]
[Date "2018.11.25"]
[Round "2"]
[White "Stoleriu, George"]
[Black "Anton, Teodor"]
[Result "1/2-1/2"]
[WhiteElo "2362"]
[BlackElo "2431"]
[Annotator "TA"]
[PlyCount "139"]
[EventDate "2018.11.24"]
[EventType "team-tourn"]
[EventCountry "ROU"]
[SourceTitle "playchess.com"]
[Source "ChessBase"]
[SourceQuality "1"]

{[%evp 17,139,0,6,13,18,0,12,0,-10,-13,0,-1,-1,-31,163,-37,-11,-8,-9,-13,0,-1,-17,-17,-4,-8,-7,-64,-62,-61,0,0,0,0,0,0,0,0,0,0,0,-39,0,0,0,0,0,0,0,0,0,10,0,0,0,-17,-16,-32,-18,-33,-33,-48,-14,-14,-8,-22,0,-14,-14,-8,-10,-18,-18,-18,-18,-18,-14,-14,-14,-14,-14,-14,-8,-8,-8,-8,-8,-8,-8,-18,-8,-18,-14,-18,-14,-18,-14,-25,-8,-33,-33,-33,-33,-33,-33,-33,-33,-33,-33,-33,-33,-33,-33,-33,0,-33,0,0,0,0,0,0,0,0]} 1. e4 c5 2. Nf3 d6 3. d4 cxd4 4. Nxd4 Nf6 5. Nc3 a6 6. a4 e5 7. Nf3 Be7 8. Bc4 Be6 9. Qe2 {B90: Sicilian Najdorf: Unusual White 6th moves, 6 Be3 Ng4 and 6 Be3 e5} (9. Bb3 h6 10. O-O O-O 11. Nh4 Nc6 12. Nf5 Bxf5 13. exf5 Nd4 14. Nd5 Nxb3 15. cxb3 Rc8 16. Be3 Rc6 {1-0 (49) Carlsen,M (2857)-Grischuk,A (2754) chess.com INT 2016}) 9... Qc8 {LiveBook: 5 Games} 10. Ba2 $146 ({Predecessor:} 10. Nd5 Nbd7 11. O-O Nxd5 12. Bxd5 Bxd5 13. exd5 O-O 14. a5 b5 15. axb6 Nxb6 16. Rd1 a5 {½-½ (24) Fedorchuk,S (2618)-Vachier Lagrave,M (2595) Paris 2007}) 10... Nc6 11. Bg5 Nb4 12. Bb3 Bxb3 13. cxb3 Qe6 14. O-O Qxb3 15. Nh4 Ng8 $2 {[#]} (15... g6 $15 {stays ahead.}) 16. Qg4 $2 ({Only move:} 16. Nf5 $1 $18 {Threatens to win with Ra3.} f6 17. Ra3 (17. Nxg7+ Kf8 $17)) 16... Qe6 ({But not} 16... Qxb2 $6 17. Nf5 $16) 17. Nf5 Qg6 18. f4 exf4 19. Nxe7 Nxe7 20. Qxf4 {Strongly threatening Bxe7.} Nec6 21. Rad1 $132 {[%mdl 2048] White puts up resistance} Ne5 22. Nd5 ({White should try} 22. Qf5 $11) 22... Nxd5 $15 23. Rxd5 O-O (23... f6 $15 24. Bh4 O-O) 24. Be7 $11 Rfe8 25. Bxd6 Nc6 26. Rg5 Qe6 27. e5 Rad8 28. h4 Rd7 (28... h6 $5 {[%cal Rh6g5]} 29. Rf5 Rd7 $11) 29. h5 Kh8 (29... h6 $5 {[%cal Rh6g5]} 30. Rf5 b5 $11) 30. Rf5 {[%cal Rf5f7]} Kg8 31. h6 Qxh6 32. Rxf7 Qxf4 33. R7xf4 {Rf8+ would kill now.} g6 34. Rf8+ Rxf8 35. Rxf8+ {[%mdl 4096] Endgame KRB-KRN} Kg7 36. Rf6 Rf7 37. Re6 Rf4 38. Re8 Rxa4 39. Rc8 Re4 40. Rc7+ Kg8 41. Rc8+ Kg7 42. Rc7+ Kh6 43. Rxb7 Nxe5 44. Bxe5 Rxe5 {KR-KR} 45. Rb6 Ra5 46. b4 Ra1+ 47. Kh2 Kg5 48. b5 a5 49. Ra6 a4 50. b6 {Ra5+ is the strong threat.} Rb1 51. Rxa4 Rxb6 52. Ra5+ Kf6 53. Rc5 Re6 54. Ra5 Re5 55. Ra4 Kg5 56. Kg3 h5 57. Kf3 h4 58. Kf2 Rf5+ 59. Kg1 Rf4 60. Ra3 Kg4 61. Kh2 Rb4 62. Rc3 g5 63. Ra3 Re4 64. Rf3 Re2 65. Ra3 Kf4 66. Ra4+ Re4 67. Rxe4+ {The position is equal.} Kxe4 68. g3 {[#]} h3 $1 {[%mdl 512]} 69. Kxh3 {White wants to mate with Kg4.} Kf3 70. g4 {Accuracy: White = 49%, Black = 46%.} 1/2-1/2

[Event "ROU-chT Men Superliga 2018"]
[Site "Sovata"]
[Date "2018.11.25"]
[Round "2"]
[White "Toma, Radu-Cristian"]
[Black "Baratosi, Daniel"]
[Result "1-0"]
[WhiteElo "2354"]
[BlackElo "2373"]
[Annotator "NA"]
[PlyCount "69"]
[EventDate "2018.11.24"]
[EventType "team-tourn"]
[EventCountry "ROU"]
[SourceTitle "playchess.com"]
[Source "ChessBase"]
[SourceQuality "1"]
[TimeControl "40/5400+30:1800+30"]

1. Nf3 {[%emt 0:00:00]} g6 {[%emt 0:02:02]} 2. g3 {[%emt 0:00:00]} Bg7 {[%emt 0:00:05]} 3. Bg2 {[%emt 0:00:02]} d6 {[%emt 0:00:15]} 4. d4 {[%emt 0:00:27]} f5 {[%emt 0:00:46]} 5. O-O {[%emt 0:00:09]} Nf6 {[%emt 0:00:04]} 6. c4 {[%emt 0:00:11]} O-O {[%emt 0:00:18]} 7. Nc3 {[%emt 0:00:05]} e6 {[%emt 0:04:15]} 8. b4 {[%emt 0:04:54]} e5 {[%emt 0:07:14]} 9. dxe5 {[%emt 0:11:09]} dxe5 {[%emt 0:00:36]} 10. e4 {[%emt 0:01:03]} Nc6 {[%emt 0:06:20]} 11. Qb3 {[%emt 0:16:09]} fxe4 {[%emt 0:05:40]} 12. c5+ {[%emt 0:05:39]} Kh8 {[%emt 0:01:59]} 13. Ng5 {[%emt 0:00:13]} Nd4 {[%emt 0:00:36]} 14. Qc4 {[%emt 0:01:03]} b5 {[%emt 0:12:26]} 15. cxb6 {[%emt 0:00:43]} axb6 {[%emt 0:00:45]} 16. Rd1 {[%emt 0:17:38]} Bg4 {[%emt 0:08:10]} 17. Be3 {[%emt 0:08:41]} Bxd1 {[%emt 0:06:51]} 18. Rxd1 {[%emt 0:00:02]} Ra3 {[%emt 0:04:38]} 19. Bxd4 {[%emt 0:04:46]} exd4 {[%emt 0:00:18]} 20. Rxd4 {[%emt 0:00:39]} Qe7 {[%emt 0:03:25]} 21. Nb5 {[%emt 0:02:57]} Rd3 {[%emt 0:07:02]} 22. Ne6 {[%emt 0:01:08]} c5 {[%emt 0:15:18]} 23. bxc5 {[%emt 0:01:19]} bxc5 {[%emt 0:00:04]} 24. Nxc5 {[%emt 0:05:52]} Rxd4 {[%emt 0:03:09]} 25. Nxd4 {[%emt 0:00:06]} e3 {[%emt 0:00:10]} 26. Nce6 {[%emt 0:03:09]} exf2+ {[%emt 0:00:28]} 27. Kxf2 {[%emt 0:01:56]} Ng4+ {[%emt 0:02:39]} 28. Kg1 {[%emt 0:00:05]} Qa3 {[%emt 0:03:29]} 29. Nb3 {[%emt 0:01:54]} Ne5 {[%emt 0:03:39]} 30. Qc7 {[%emt 0:01:10]} Rg8 {[%emt 0:01:38]} 31. Nxg7 {[%emt 0:02:31]} Qb2 {[%emt 0:00:06]} 32. Ne6 {[%emt 0:03:49]} Nd3 {[%emt 0:00:51]} 33. Qf7 {[%emt 0:01:22]} Rc8 {[%emt 0:00:38]} 34. Bf1 {[%emt 0:02:43]} Ne1 {[%emt 0:00:33]} 35. Nbd4 {[%emt 0:00:58]} 1-0

[Event "ROU-chT Men Superliga 2018"]
[Site "Sovata"]
[Date "2018.11.25"]
[Round "2"]
[White "Ogleznev, Alexandr"]
[Black "Ionescu, Constantin"]
[Result "1/2-1/2"]
[WhiteElo "2333"]
[BlackElo "2432"]
[Annotator "TA"]
[PlyCount "58"]
[EventDate "2018.11.24"]
[EventType "team-tourn"]
[EventCountry "ROU"]
[SourceTitle "playchess.com"]
[Source "ChessBase"]
[SourceQuality "1"]

{[%evp 25,58,0,30,0,0,0,2,-12,-23,-18,0,-4,0,-12,0,0,0,0,0,0,0,0,0,0,0,0,0,0,0,0,0,0,24,24,24]} 1. e4 Nf6 2. e5 Nd5 3. d4 d6 4. Nf3 c6 5. Be2 Bg4 6. O-O Bxf3 7. Bxf3 dxe5 8. dxe5 e6 9. Qe2 Nd7 10. c4 Ne7 11. Bg4 Qc7 {B05: Alekhine's Defence: 4 Nf3 Bg4} (11... h5 12. Bh3 Qc7 13. f4 Nf5 14. Nc3 O-O-O 15. Bxf5 exf5 16. Be3 Bc5 17. Na4 Bxe3+ 18. Qxe3 Nb6 19. Nxb6+ Qxb6 20. Qxb6 axb6 {0-1 (59) Arakhamia Grant,K (2435)-Baburin,A (2545) Triesen 2007}) 12. f4 O-O-O 13. Nc3 Nf5 {LiveBook: 3 Games. The position is equal.} (13... h5 $5 14. Bh3 (14. Bxh5 Nf5 $11) 14... Nf5 $11) 14. Bxf5 (14. Rb1 {seems wilder.} Bc5+ 15. Kh1 Nd4 16. Qd2 f5 17. Bd1) 14... exf5 15. Be3 Bc5 16. Rad1 $146 ({Predecessor:} 16. Na4 Bxe3+ 17. Qxe3 Qa5 18. b3 Nf8 19. Rfd1 Ne6 20. g3 g6 {½-½ (20) Havlikova,K (2229)-Melamed,T (2336) Germany 2014}) 16... Qb6 17. Bf2 Bxf2+ 18. Qxf2 Nc5 19. b3 Kc7 20. g3 Ne6 21. Kg2 Qxf2+ 22. Kxf2 a6 23. Ke3 b5 24. cxb5 axb5 25. b4 Rxd1 26. Rxd1 h5 27. a4 bxa4 28. Ra1 Ra8 29. Rxa4 Rxa4 {Accuracy: White = 84%, Black = 62%.} 1/2-1/2

[Event "ROU-chT Men Superliga 2018"]
[Site "Sovata"]
[Date "2018.11.25"]
[Round "2"]
[White "Itkis, Boris"]
[Black "Patrascu, Catalin-Lucian"]
[Result "1/2-1/2"]
[WhiteElo "2325"]
[BlackElo "2268"]
[Annotator "NA"]
[PlyCount "50"]
[EventDate "2018.11.24"]
[EventType "team-tourn"]
[EventCountry "ROU"]
[SourceTitle "playchess.com"]
[Source "ChessBase"]
[SourceQuality "1"]
[TimeControl "40/5400+30:1800+30"]

1. Nf3 {[%emt 0:00:00]} e6 {[%emt 0:01:31]} 2. c4 {[%emt 0:00:07]} Nf6 {[%emt 0:02:14]} 3. d4 {[%emt 0:02:03]} b6 {[%emt 0:01:37]} 4. g3 {[%emt 0:01:49]} Ba6 {[%emt 0:00:23]} 5. Bg2 {[%emt 0:00:05]} Bxc4 {[%emt 0:01:03]} 6. Nc3 {[%emt 0:00:28]} c6 {[%emt 0:12:15]} 7. O-O {[%emt 0:08:19]} Be7 {[%emt 0:02:59]} 8. Ne5 {[%emt 0:04:30]} Ba6 {[%emt 0:00:18]} 9. Qa4 {[%emt 0:01:22]} O-O {[%emt 0:04:11]} 10. Rd1 {[%emt 0:00:11]} Bb7 {[%emt 0:08:47]} 11. e4 {[%emt 0:00:37]} d5 {[%emt 0:08:46]} 12. Bf4 {[%emt 0:05:55]} Nfd7 {[%emt 0:03:46]} 13. Nd3 {[%emt 0:04:34]} a5 {[%emt 0:05:13]} 14. Rac1 {[%emt 0:01:10]} Na6 {[%emt 0:03:11]} 15. a3 {[%emt 0:00:57]} Nb4 {[%emt 0:05:03]} 16. Qb3 {[%emt 0:04:25]} Nxd3 {[%emt 0:03:08]} 17. Rxd3 {[%emt 0:00:07]} Rc8 {[%emt 0:04:41]} 18. Rdd1 {[%emt 0:00:16]} Ba6 {[%emt 0:01:31]} 19. exd5 {[%emt 0:06:17]} cxd5 {[%emt 0:05:15]} 20. Nb5 {[%emt 0:00:34]} Nf6 {[%emt 0:14:15]} 21. Bc7 {[%emt 0:19:40]} Qd7 {[%emt 0:02:24]} 22. Bf1 {[%emt 0:00:06]} Bd8 {[%emt 0:06:34]} 23. Bf4 {[%emt 0:00:35]} Be7 {[%emt 0:01:28]} 24. Bc7 {[%emt 0:00:33]} Bd8 {[%emt 0:00:12]} 25. Bf4 {[%emt 0:00:07]} Be7 {[%emt 0:01:01]} 1/2-1/2

[Event "ROU-chT Men Superliga 2018"]
[Site "Sovata"]
[Date "2018.11.25"]
[Round "2"]
[White "Vrencian, Lehel"]
[Black "Svetushkin, Dmitry"]
[Result "0-1"]
[WhiteElo "2321"]
[BlackElo "2605"]
[Annotator "TA"]
[PlyCount "101"]
[EventDate "2018.11.24"]
[EventType "team-tourn"]
[EventCountry "ROU"]
[SourceTitle "playchess.com"]
[Source "ChessBase"]
[SourceQuality "1"]

{[%evp 9,101,0,8,0,18,18,24,22,14,12,18,20,34,25,26,33,31,10,19,0,36,0,37,35,32,33,34,39,60,30,30,30,35,28,29,31,29,30,27,0,22,0,22,0,0,0,32,32,31,0,0,0,0,0,0,0,0,0,0,0,0,-10,-3,-143,-58,-69,-79,-160,-177,-165,-158,-316,-321,-316,-307,-328,-306,-285,-237,-318,-320,-408,-408,-408,-408,-408,-408,-408,-408,-400,-302,-289,-262,-267]} 1. d4 Nf6 2. Bf4 d5 3. e3 c5 4. c3 Nc6 5. Nd2 cxd4 {LiveBook: 168 Games} (5... Bf5 6. Ngf3 e6 7. Nh4 Be4 8. Nhf3 Bf5 9. Nh4 Be4 10. Qb3 Qc8 11. Nhf3 Bf5 12. Be2 Be7 13. O-O O-O 14. h3 h6 15. Rfe1 c4 16. Qd1 b5 {1-0 (66) Grachev,B (2626)-Najer,E (2663) Moscow 2018}) 6. cxd4 {D00: 1 d4 d5: Unusual lines} a6 7. Bd3 $146 ({Predecessor:} 7. Ngf3 e6 8. a3 Be7 9. Bd3 O-O 10. Ne5 Nxe5 11. dxe5 Nd7 12. Qh5 g6 {0-1 (30) Wulf,C (1282)-Winterholler,C (1702) Oberhof 2010}) 7... Bg4 8. Ngf3 {White has an edge.} e6 9. O-O Be7 10. h3 Bh5 11. Rc1 O-O 12. Qb3 Na5 13. Qc3 {[#] Black must now prevent Bc7.} Nc6 14. Qb3 Na5 15. Qc3 {Hoping for Bc7.} Ne8 16. Ne5 f6 17. Nd7 Qxd7 18. Qxa5 Bg6 19. Bxg6 hxg6 20. Nb3 g5 21. Bh2 Bd6 22. Bxd6 Nxd6 23. Nc5 Qe7 24. b3 Rac8 25. Nd3 Qd7 26. Qb4 Ne4 27. Rfd1 Kf7 28. f3 Nd6 29. Rc5 Rxc5 30. Nxc5 Qe7 31. Rc1 Rc8 32. Qd2 Nf5 33. Nd3 Rc7 34. Rxc7 Qxc7 35. Nc5 e5 36. a4 (36. Qd3 $11 g6 37. Qd2) 36... a5 ({Better is} 36... exd4 $17 37. exd4 a5) 37. Qd3 $15 g6 38. Qd2 (38. Qb5 $142) 38... exd4 $17 39. exd4 b6 40. Na6 $2 {[#]} (40. Nd3 $17) 40... Qc8 $19 41. Qd3 Qc1+ 42. Kh2 Qf4+ 43. Kg1 {and the idea Qc3 leaves White hopeful.} Nxd4 44. b4 Qc1+ 45. Kh2 Qc4 46. Qd2 Ne6 {Strongly threatening ...d4.} 47. bxa5 Qxa6 48. axb6 Qxb6 49. Qxd5 Ke7 50. Qa8 Qd8 51. Qa7+ {Accuracy: White = 46%, Black = 69%.} 0-1

[Event "ROU-chT Men Superliga 2018"]
[Site "Sovata"]
[Date "2018.11.25"]
[Round "2"]
[White "Ileana, George"]
[Black "Andronescu, Madalin"]
[Result "1-0"]
[WhiteElo "2318"]
[BlackElo "2070"]
[Annotator "NA"]
[PlyCount "81"]
[EventDate "2018.11.24"]
[EventType "team-tourn"]
[EventCountry "ROU"]
[SourceTitle "playchess.com"]
[Source "ChessBase"]
[SourceQuality "1"]
[TimeControl "40/5400+30:1800+30"]

1. e4 {[%emt 0:00:00]} c5 {[%emt 0:00:00]} 2. Nf3 {[%emt 0:00:00]} d6 {[%emt 0:00:00]} 3. d4 {[%emt 0:00:00]} cxd4 {[%emt 0:00:00]} 4. Nxd4 {[%emt 0:00:00]} Nf6 {[%emt 0:00:00]} 5. Nc3 {[%emt 0:00:00]} g6 {[%emt 0:00:01]} 6. Be3 {[%emt 0:01:46]} Bg7 {[%emt 0:00:06]} 7. f3 {[%emt 0:00:05]} O-O {[%emt 0:00:05]} 8. Qd2 {[%emt 0:01:30]} Nc6 {[%emt 0:00:07]} 9. O-O-O {[%emt 0:06:38]} d5 {[%emt 0:00:05]} 10. exd5 {[%emt 0:06:50]} Nxd5 {[%emt 0:00:08]} 11. Nxc6 {[%emt 0:00:12]} bxc6 {[%emt 0:00:05]} 12. Bd4 {[%emt 0:00:07]} Bxd4 {[%emt 0:03:37]} 13. Qxd4 {[%emt 0:00:07]} Qb6 {[%emt 0:00:05]} 14. Na4 {[%emt 0:00:06]} Qc7 {[%emt 0:00:12]} 15. b3 {[%emt 0:05:24]} Rb8 {[%emt 0:06:50]} 16. Bc4 {[%emt 0:07:51]} Nb6 {[%emt 0:00:16]} 17. Nb2 {[%emt 0:01:15]} c5 {[%emt 0:03:38]} 18. Qc3 {[%emt 0:01:35]} Qf4+ {[%emt 0:01:00]} 19. Qd2 {[%emt 0:01:39]} Qxd2+ {[%emt 0:00:27]} 20. Kxd2 {[%emt 0:00:54]} Bb7 {[%emt 0:08:15]} 21. Rhe1 {[%emt 0:01:41]} e6 {[%emt 0:00:09]} 22. Re5 {[%emt 0:01:11]} Rfd8+ {[%emt 0:08:39]} 23. Kc3 {[%emt 0:01:49]} Rxd1 24. Nxd1 {[%emt 0:00:05]} Rd8 {[%emt 0:00:14]} 25. Nb2 {[%emt 0:01:09]} Nd7 {[%emt 0:02:19]} 26. Re1 {[%emt 0:00:37]} Kf8 {[%emt 0:01:45]} 27. Rd1 {[%emt 0:00:59]} Ke7 {[%emt 0:00:54]} 28. Bb5 {[%emt 0:00:24]} Ne5 {[%emt 0:01:01]} 29. Rxd8 {[%emt 0:00:54]} Kxd8 {[%emt 0:00:29]} 30. Nc4 {[%emt 0:00:03]} Nd7 {[%emt 0:02:06]} 31. Nd6 {[%emt 0:01:19]} Bd5 {[%emt 0:02:23]} 32. Bxd7 {[%emt 0:00:05]} Kxd7 {[%emt 0:00:06]} 33. Nxf7 {[%emt 0:00:04]} Ke7 {[%emt 0:00:25]} 34. Ng5 {[%emt 0:00:07]} Kf6 {[%emt 0:04:04]} 35. Ne4+ {[%emt 0:02:37]} Ke5 {[%emt 0:03:54]} 36. Nxc5 {[%emt 0:00:06]} Kf4 {[%emt 0:00:02]} 37. Kd4 {[%emt 0:00:09]} Kf5 {[%emt 0:01:44]} 38. c4 {[%emt 0:00:12]} Bc6 {[%emt 0:00:02]} 39. Nd3 {[%emt 0:00:07]} g5 {[%emt 0:00:17]} 40. Ne5 {[%emt 0:00:00]} Bb7 {[%emt 0:00:00]} 41. c5 {[%emt 0:00:11] Ke4+ Kxe4} 1-0

[Event "ROU-chT Men Superliga 2018"]
[Site "Sovata"]
[Date "2018.11.25"]
[Round "2"]
[White "Ognean, Mihnea-Ionut"]
[Black "Aczel, Gergely"]
[Result "1-0"]
[WhiteElo "2291"]
[BlackElo "2549"]
[Annotator "TA"]
[PlyCount "147"]
[EventDate "2018.11.24"]
[EventType "team-tourn"]
[EventCountry "ROU"]
[SourceTitle "playchess.com"]
[Source "ChessBase"]
[SourceQuality "1"]

{[%evp 31,147,40,45,41,41,41,41,33,41,41,41,41,41,41,41,28,41,39,39,31,93,85,85,85,85,85,85,91,105,104,147,147,147,147,147,149,145,145,144,141,148,144,147,147,154,144,176,174,198,190,204,181,217,219,243,260,304,278,434,410,429,438,494,362,497,364,360,353,373,349,340,326,322,313,304,281,292,148,135,0,187,128,311,0,0,0,0,0,40,33,613,558,29973,29974,29973,29950,29950,29962,29956,29962,29963,29965,29965,29966,29966,29967,29967,29967,29966,29968,29969,29970,29975,29976,29987,29988,29988,29988]} 1. e4 c5 2. Nf3 e6 3. d4 cxd4 4. Nxd4 a6 5. c4 Nf6 6. Nc3 Qc7 7. a3 d6 8. f3 Nbd7 9. Be3 Be7 10. Be2 O-O 11. O-O Re8 12. Rc1 b6 13. b4 Bb7 14. Qd2 Rac8 15. Rfd1 {A31: Symmetrical English: 2 Nf3 Nf6 3 d4} Qb8 16. Kh1 Bf8 {LiveBook: 5 Games} (16... Bd8 17. Nb3 Bc7 18. Bf4 d5 19. Bxc7 Rxc7 20. cxd5 exd5 21. exd5 Nxd5 22. Nxd5 Bxd5 23. Nd4 b5 24. Bf1 Rxc1 25. Rxc1 {½-½ (40) Yu,Y (2738)-Karthikeyan,M (2578) Moscow 2017}) 17. Bg1 {White is slightly better.} Ne5 $146 ({Predecessor:} 17... Qa8 18. Bf1 Red8 19. Qe1 Ne5 20. Na4 Nfd7 21. f4 Ng6 {1-0 (39) Matviishen,V (2347)-Medvedyk,V (2029) Vinnitsa 2016}) 18. Na4 Nfd7 19. Rc2 h6 20. Bf1 Red8 21. Rdc1 Be7 22. Be3 Re8 23. Nb3 Bc6 24. Nb2 Qa8 25. a4 {[%cal Ba3a4,Ba4a5][%mdl 32]} Rb8 ({Black should try} 25... a5 $14) 26. b5 $16 Bb7 27. a5 $1 Nc5 28. Nxc5 bxc5 29. Na4 {[%cal Bb2a4,Ba4c3,Bc3d5][%mdl 32]} Nd7 30. Bf4 e5 31. Be3 Bc8 32. b6 Nf8 33. Nc3 Ne6 34. Nd5 Qb7 35. g3 Nd4 36. Bxd4 $1 exd4 37. Bd3 Bd7 38. Qg2 Bc6 39. Re2 Bf8 40. f4 Kh8 41. Rce1 Rbd8 42. h4 {[%cal Bh2h4,Bh4h5][%mdl 32]} Qc8 43. Kh2 Bb7 44. Qf3 Qc6 (44... Bc6 $142 45. Rb1 Qb7) 45. e5 $18 Bc8 46. h5 dxe5 47. Rxe5 {And now Qe4 would win.} Rxe5 48. Rxe5 Qd7 49. Kg1 Bd6 50. b7 Bxb7 51. Qe4 {[%csl Gd3][%cal Re4h7]} g6 52. hxg6 fxg6 {[#]} 53. Re6 $1 {[%cal Re6g6]} ({Less strong is} 53. Qxg6 Qg7 $16) 53... Rg8 54. Qh1 $40 {[%mdl 128] White goes for the king.} ({Worse is} 54. Rxg6 Rxg6 55. Qxg6 Qg7 $11) (54. Kf2 $18) 54... Bf8 $16 {[#]} 55. Qe4 (55. Rb6 $1 $16) 55... Bc8 $2 (55... Bd6 $1 $11) 56. f5 ({Inferior is} 56. Rxg6 Rxg6 57. Qxg6 Qg7 $11) ({Better is} 56. Re8 $18) 56... Qa4 $2 (56... Qd8 $16 {keeps fighting.}) 57. Qe5+ $2 ({White has to play} 57. Rxg6 $18 {White wants to mate with Qe5+.} Qa1+ 58. Kf2 Qb2+ 59. Kf3) 57... Bg7 $14 58. f6 Bxe6 59. fxg7+ Rxg7 60. Qxe6 {[%mdl 64] Threatening mate with Nf6. Double Attack} Qd7 $2 {[%mdl 8192]} (60... Qd1+ $14 61. Kg2 Qxd3 62. Qe8+ Rg8 63. Qe5+ Rg7 64. Qe8+ Rg8 65. Qe5+ Rg7 66. Qe8+) 61. Qe5 {Hoping for Qb8+.} Qd8 {intending ...Qg5.} 62. Nf4 {White mates.} Qg5 63. Qxg7+ {[%mdl 64] Decoy} Kxg7 64. Ne6+ {[%mdl 64] Double Attack} Kf6 65. Nxg5 Kxg5 {[%mdl 4096] Endgame KB-KP} 66. Kf2 h5 67. Kf3 Kf6 68. Ke4 g5 69. Bf1 h4 70. gxh4 gxh4 71. Bh3 Kg6 72. Bc8 Kg5 73. Bxa6 h3 74. Bb7 {Accuracy: White = 76%, Black = 42%.} 1-0

[Event "ROU-chT Men Superliga 2018"]
[Site "Sovata"]
[Date "2018.11.25"]
[Round "2"]
[White "Vasiesiu, Victor"]
[Black "Banzea, Alexandru-Bogdan"]
[Result "0-1"]
[WhiteElo "2270"]
[BlackElo "2313"]
[Annotator "NA"]
[PlyCount "106"]
[EventDate "2018.11.24"]
[EventType "team-tourn"]
[EventCountry "ROU"]
[SourceTitle "playchess.com"]
[Source "ChessBase"]
[SourceQuality "1"]
[TimeControl "40/5400+30:1800+30"]

1. e4 {[%emt 0:00:00]} c5 {[%emt 0:00:00]} 2. Nf3 {[%emt 0:00:00]} d6 {[%emt 0:00:04]} 3. d4 {[%emt 0:00:00]} cxd4 {[%emt 0:00:07]} 4. Nxd4 {[%emt 0:00:07]} Nf6 {[%emt 0:00:06]} 5. Nc3 {[%emt 0:00:07]} a6 {[%emt 0:00:04]} 6. f3 {[%emt 0:02:19]} e5 {[%emt 0:00:23]} 7. Nb3 {[%emt 0:00:08]} Be6 {[%emt 0:00:11]} 8. Be3 {[%emt 0:00:07]} Be7 {[%emt 0:00:10]} 9. Qd2 {[%emt 0:00:09]} h5 {[%emt 0:00:25]} 10. Nd5 {[%emt 0:00:40]} Nxd5 {[%emt 0:00:36]} 11. exd5 {[%emt 0:00:06]} Bf5 {[%emt 0:00:05] B90: Sicilian Najdorf: Unusual White 6th moves, 6 Be3 Ng4 and 6 Be3 e5} 12. Bd3 {[%emt 0:01:42]} (12. Be2 Nd7 13. O-O Bg6 14. a4 a5 15. Bd3 Bxd3 16. Qxd3 O-O 17. Nd2 f5 18. Qb5 Qc7 19. c3 {0-1 (45) Vidit,S (2718)-Andriasian,Z (2591) chess.com INT 2018}) 12... Bxd3 {[%emt 0:00:37]} 13. Qxd3 {[%emt 0:00:07]} Bg5 {[%emt 0:02:47]} 14. O-O {[%emt 0:07:01]} Bxe3+ {[%emt 0:00:44]} 15. Qxe3 {[%emt 0:00:05]} Nd7 {[%emt 0:05:12]} 16. c4 {[%emt 0:03:02]} O-O {[%emt 0:03:29]} 17. Rac1 $146 {[%emt 0:02:31]} ({Predecessor:} 17. Nd2 Rc8 18. Rac1 a5 19. Ne4 {0-1 (41) Matta,V (2199)-Ravichandran,S (2395) Kolkata 2013}) 17... Rc8 {[%emt 0:04:04]} 18. f4 {[%emt 0:12:37]} exf4 {[%emt 0:04:02]} 19. Rxf4 {[%emt 0:00:30]} Ne5 {[%emt 0:10:45]} 20. Qe2 {[%emt 0:03:49]} Qg5 {[%emt 0:03:05]} 21. Rcf1 {[%emt 0:01:38]} g6 {[%emt 0:03:15]} 22. Nd2 {[%emt 0:06:15]} Qd8 {[%emt 0:14:31]} 23. Nf3 {[%emt 0:11:05]} Qb6+ {[%emt 0:07:13]} 24. Kh1 {[%emt 0:00:31]} Rce8 {[%emt 0:03:00]} 25. Ng5 {[%emt 0:11:00]} Qd8 {[%emt 0:02:56]} 26. h4 {[%emt 0:03:49]} Ng4 {[%emt 0:06:57]} 27. Re4 {[%emt 0:02:56]} Rxe4 {[%emt 0:12:30]} 28. Qxe4 {[%emt 0:00:06]} Qd7 {[%emt 0:00:22]} 29. Qf4 {[%emt 0:06:08]} Qe7 {[%emt 0:00:46]} 30. b4 {[%emt 0:04:11]} Qe3 {[%emt 0:04:33]} 31. Ne4 {[%emt 0:03:59]} Qxf4 {[%emt 0:02:52]} 32. Rxf4 {[%emt 0:00:04]} Rd8 {[%emt 0:00:10]} 33. Kg1 {[%emt 0:03:50]} Kg7 {[%emt 0:02:54]} 34. Nd2 {[%emt 0:04:26]} Kf8 {[%emt 0:02:51]} 35. Re4 {[%emt 0:02:26]} Re8 {[%emt 0:01:21]} 36. c5 {[%emt 0:02:18]} dxc5 {[%emt 0:01:33]} 37. bxc5 {[%emt 0:00:21]} Rxe4 {[%emt 0:00:20]} 38. Nxe4 {[%emt 0:00:07]} Ke7 {[%emt 0:00:38]} 39. Nd6 {[%emt 0:05:30]} Ne3 {[%emt 0:01:25]} 40. Nxb7 {[%emt 0:00:00]} Nxd5 {[%emt 0:00:00]} 41. Kf2 {[%emt 0:04:59]} Kd7 {[%emt 0:04:50]} 42. Na5 {[%emt 0:07:08]} Nc3 {[%emt 0:08:16]} 43. c6+ {[%emt 0:05:40]} Kc7 {[%emt 0:03:29]} 44. a3 {[%emt 0:01:54]} Nb5 {[%emt 0:08:09]} 45. Ke3 {[%emt 0:00:38]} Nxa3 {[%emt 0:01:43]} 46. Ke4 {[%emt 0:00:14]} Nb5 {[%emt 0:00:36]} 47. Ke5 {[%emt 0:01:12]} Kb6 {[%emt 0:01:34]} 48. Nb7 {[%emt 0:00:09]} Kxc6 {[%emt 0:00:26]} 49. Nd8+ {[%emt 0:00:15]} Kc5 {[%emt 0:00:07]} 50. Nxf7 {[%emt 0:00:13]} a5 {[%emt 0:00:14]} 51. Kf4 {[%emt 0:05:43]} a4 {[%emt 0:01:10]} 52. Ne5 {[%emt 0:00:04]} Kd4 {[%emt 0:00:46]} 53. Nc6+ $19 {[%emt 0:01:31]} Kc3 {[%emt 0:00:23]} 0-1